Normal view
MARC view
- Lipset, Seymour Martin
Entry Personal Name
001 - CONTROL NUMBER
- control field: 37696
003 - CONTROL NUMBER IDENTIFIER
- control field: NUST
005 - DATE AND TIME OF LATEST TRANSACTION
- control field: 20210314130348.0
008 - FIXED-LENGTH DATA ELEMENTS
- fixed length control field: 210314|| aca||aabn | a|a d
040 ## - CATALOGING SOURCE
- Original cataloging agency: NUST
- Transcribing agency: NUST
100 ## - HEADING--PERSONAL NAME
- Personal name: Lipset, Seymour Martin
670 ## - SOURCE DATA FOUND
- Source citation: Work cat.: (NUST): Bendix, Reinhard, 37695, Class, status, and power;, [1966]
